<?xml version="1.0" encoding="UTF-8"?>
<collection xmlns="http://www.loc.gov/MARC21/slim">
 <record>
  <leader>01369nam a2200205Ia 4500</leader>
  <controlfield tag="001">TDMU_6968</controlfield>
  <controlfield tag="008">210410s9999    xx            000 0 und d</controlfield>
  <datafield tag="082" ind1=" " ind2=" ">
   <subfield code="a">579</subfield>
  </datafield>
  <datafield tag="090" ind1=" " ind2=" ">
   <subfield code="b">TR126</subfield>
  </datafield>
  <datafield tag="100" ind1=" " ind2=" ">
   <subfield code="a">TrâÌ€n, Linh ThươÌc</subfield>
  </datafield>
  <datafield tag="245" ind1=" " ind2="0">
   <subfield code="a">Phương phaÌp phân tiÌch vi sinh vâÌ£t trong nươÌc, thưÌ£c phâÌ‰m vaÌ€ miÌƒ phâÌ‰m</subfield>
  </datafield>
  <datafield tag="245" ind1=" " ind2="0">
   <subfield code="c">TrâÌ€n Linh ThươÌc</subfield>
  </datafield>
  <datafield tag="260" ind1=" " ind2=" ">
   <subfield code="a">H.</subfield>
  </datafield>
  <datafield tag="260" ind1=" " ind2=" ">
   <subfield code="b">GiaÌo duÌ£c</subfield>
  </datafield>
  <datafield tag="260" ind1=" " ind2=" ">
   <subfield code="c">2008</subfield>
  </datafield>
  <datafield tag="300" ind1=" " ind2=" ">
   <subfield code="a">232tr.</subfield>
  </datafield>
  <datafield tag="520" ind1=" " ind2=" ">
   <subfield code="a">Cung câÌp nhưÌƒng kiêÌn thưÌc côÌ đoÌ£ng vêÌ€ caÌc vi sinh vâÌ£t gây bêÌ£nh, caÌc chiÌ‰ tiêu vi sinh vâÌ£t thươÌ€ng đươÌ£c kiêÌ‰m soaÌt trong nươÌc, thưÌ£c phâÌ‰m vaÌ€ miÌƒ phâÌ‰m, caÌc yêu câÌ€u cơ baÌ‰n trong viêÌ£c thaÌ€nh lâÌ£p vaÌ€ vâÌ£n haÌ€nh môÌ£t phong kiêÌ‰m nghiêÌ£m vi sinh vâÌ£t.</subfield>
  </datafield>
  <datafield tag="650" ind1=" " ind2=" ">
   <subfield code="a">Vi sinh vâÌ£t; Sinh hoÌ£c; Vi sinh vâÌ£t; Phân tiÌch vi sinh vâÌ£t; Phân tiÌch; Phương phaÌp; NươÌc; ThưÌ£c phâÌ‰m; MiÌƒ phâÌ‰m</subfield>
  </datafield>
  <datafield tag="856" ind1=" " ind2=" ">
   <subfield code="u">http://lrc.tdmu.edu.vn/opac/search/detail.asp?aID=2&amp;ID=6968</subfield>
  </datafield>
  <datafield tag="980" ind1=" " ind2=" ">
   <subfield code="a">Trung tâm Học liệu Trường Đại học Thủ Dầu Một</subfield>
  </datafield>
 </record>
</collection>
